Moodle 1.9 (Record no. 134351)
[ view plain ]
| 000 -LEADER | |
|---|---|
| fixed length control field | 01160nam a2200289 a 4500 |
| 100 1# - MAIN ENTRY--AUTHOR NAME | |
| Personal name | Myrick, Jason. |
| 245 10 - TITLE STATEMENT | |
| Title | Moodle 1.9 |
| 260 ## - PUBLICATION, DISTRIBUTION, ETC. (IMPRINT) | |
| Place of publication | Birmingham ; |
| -- | Mumbai : |
| Name of publisher | Packt Open Source, |
| Year of publication | c2010. |
| 300 ## - PHYSICAL DESCRIPTION | |
| Number of Pages | xv, 365 p. |
| 500 ## - GENERAL NOTE | |
| General note | Includes index. |
| 650 #0 - SUBJECT ADDED ENTRY--TOPICAL TERM | |
| Topical Term | Computer-assisted instruction |
| 856 40 - ELECTRONIC LOCATION AND ACCESS | |
| Uniform Resource Identifier | http://site.ebrary.com/lib/rucke/Doc?id=10439343 |
No items available.
